000 00551nam a22001937a 4500
003 AM-YeHGA
005 20250617153254.0
008 170804b xxu||||| |||| 00| 0 rus d
040 _aAM-YeHGA
041 1 _arus
_hrum
100 1 _aШербу, Валентин
245 1 0 _aМарс /
_cВалентин Шербу
260 _aБухарест :
_bРумыния,
_c1979
300 _a46 с.
440 0 _aБ-ка "Румыния"
_v№ 7/1979
653 0 _aРумынская литература
942 _2udc
_cBK
090 _c389918
999 _c387927
_d387927